Serie A all time table - Statistics

General Stats
  • This quiz has been taken 412 times
    268 since last reset
  • The average score is 39 of 68
Answer Stats
Position Club Points % Correct
2 Internazionale 4602
100%
3 Milan 4405
100%
1 Juventus 4865
99%
4 Roma 4080
98%
7 Napoli 3334
97%
6 Lazio 3444
95%
5 Fiorentina 3555
93%
8 Torino 3033
90%
9 Bologna 2936
88%
11 Atalanta 2396
87%
13 Genoa 1958
87%
15 Parma 1279
86%
10 Sampdoria 2502
86%
16 Hellas Verona 1059
85%
12 Udinese 2044
82%
14 Cagliari 1565
81%
17 Palermo 1048
81%
29 Sassuolo 484
81%
19 Bari 874
77%
38 Venezia 342
76%
25 Lecce 572
74%
21 Chievo Verona 740
71%
55 Monza 97
71%
35 Como 356
70%
23 Catania 591
67%
24 Empoli 581
66%
22 Brescia 685
64%
53 Salernitana 145
64%
50 Pisa 161
63%
63 Benevento 54
58%
62 Frosinone 56
58%
54 Pescara 141
58%
47 Cremonese 174
56%
27 Livorno 566
54%
32 Modena 400
54%
58 Spezia 75
53%
26 SPAL 570
52%
30 Perugia 459
51%
18 Vicenza 943
50%
39 Cesena 338
49%
48 Pro Vercelli 171
49%
36 Siena 349
49%
51 Messina 155
46%
37 Reggina 345
46%
43 Avellino 264
44%
60 Reggiana 68
44%
56 Crotone 92
43%
34 Novara 380
43%
28 Padova 513
43%
31 Ascoli 424
42%
49 Catanzaro 164
42%
41 Foggia 312
41%
20 Triestina 774
40%
42 Piacenza 275
37%
65 Ternana 35
37%
64 Carpi 38
36%
66 Ancona 32
35%
33 Alessandria 381
33%
59 Lecco 69
31%
46 Mantova 184
31%
67 Treviso 21
27%
57 Casale 90
26%
52 Varese 155
23%
68 Pistoiese 16
21%
40 Pro Patria 338
21%
44 Lucchese 244
19%
61 Legnano 61
13%
45 Sampierdarenese 202
7%
No matching quizzes found
Score Distribution
Percent of People with Each Score
Percentile by Number Answered
Your Score History
You have not taken this quiz since the last reset